76 Principales Verbos Irregulares en Ingles (3T) - Estadísticas

Estadísticas generales
  • Esta prueba ha sido intentada 1.198 veces
    1.108 desde el último reinicio
  • La puntuación promedio es 143 de 230
Estadísticas de respuestas
Hint Respuesta % Correcto
ser / estar be
99%
beber drink
90%
ir go
90%
was/were
90%
comprar buy
89%
comer eat
89%
volar fly
87%
poder can
85%
dibujar draw
85%
conducir drive
85%
cortar | → cut
84%
hacer do
84%
construir build
83%
tener have
83%
soñar dream
82%
ver see
82%
cantar sing
82%
ganar win
82%
escribir write
82%
sentir feel
81%
encontrar find
81%
correr | → run
81%
dormir sleep
81%
nadar swim
81%
elegir choose
80%
venir | → come
80%
caer fall
80%
leer | → read
80%
decir say
80%
ate
79%
been
79%
olvidar forget
79%
dar give
79%
saber know
79%
pensar think
79%
pagar pay
78%
enviar send
77%
drank
76%
aprender learn
76%
bit
75%
bought
75%
drove
75%
perder lose
75%
sentar sit
75%
enseñar teach
75%
drunk
74%
golpear | → hit
74%
poner | → put
74%
vender sell
74%
tomar take
74%
went
74%
came
73%
chose
73%
found
73%
crecer grow
73%
wrote
73%
did
72%
eaten
72%
forgot
72%
saw
72%
hablar speak
72%
costar | → cost
71%
mentir lie
71%
fabricar make
71%
despertar wake
71%
drew
70%
fell
70%
felt
70%
had
70%
morder bite
69%
gave
69%
escuchar hear
69%
knew
69%
ran
69%
sang
69%
won
69%
traer bring
68%
built
68%
could
68%
driven
68%
entender understand
68%
perdonar forgive
67%
swam
67%
chosen
65%
done
65%
forgotten
65%
given
65%
dreamed / dreamt
64%
flew
64%
gone
64%
lost
64%
written
64%
grew
63%
seen
63%
gastar spend
63%
spoke
63%
iniciar begin
62%
drawn
62%
made
62%
said
62%
estar de pie stand
62%
bitten
61%
fallen
61%
conseguir get
61%
known
61%
significar mean
61%
brillar shine
61%
sent
60%
slept
60%
sung
60%
woke
60%
sat
59%
taken
59%
llevar puesto wear
59%
forgiven
58%
montar ride
58%
convertir | → become
57%
forgave
57%
grown
57%
dejar leave
57%
spoken
57%
decir tell
57%
took
57%
began
56%
mantener keep
56%
robar steal
56%
brought
55%
sold
55%
swum
55%
understood
55%
became
54%
got
54%
thought
54%
begun
53%
heard
53%
paid
53%
stole
53%
lanzar throw
53%
flown
52%
learned
52%
golpear | → beat
51%
coger catch
51%
lastimar | → hurt
51%
meant
51%
woken
51%
stolen
50%
permitir | → let
49%
rode
49%
spent
49%
gotten
47%
kept
47%
left
47%
colgar hang
46%
threw
46%
wore
46%
prestar lend
44%
told
44%
beaten
42%
thrown
42%
ridden
41%
taught
40%
caught
39%
sonar ring
39%
shone
39%
configurar | → set
38%
hung
37%
lent
37%
stood
37%
rang
35%
rung
33%
cerrar | → shut
32%
lay
30%
worn
29%
encontrar meet
26%
met
23%
lain
14%
No se encontraron pruebas coincidentes
Distribución de puntuación
Porcentaje de gente con cada puntuación
Porcentaje por número respondido
Historial de tus puntuaciones
No has intentado esta prueba desde el último reinicio